the last great american dynasty lyrics - Statistics

General Stats
  • This quiz has been taken 195 times
  • The average score is 267 of 330
Answer Stats
Lyrics % Correct
the
99%
The
99%
I
98%
a
97%
A
97%
to
96%
it
95%
it?"
95%
It
95%
was
95%
if
93%
up
93%
up,
93%
"Who
93%
Who
93%
American
92%
do
92%
dynasty"
92%
ever
92%
last
92%
on
92%
They
92%
they
92%
goes
91%
great
91%
she
91%
"She
91%
town
91%
and
90%
And
90%
had
90%
"There
90%
There
90%
Rebekah
89%
Rhode
89%
seen"
89%
seen
89%
has
88%
Her
88%
her
88%
sunny
88%
women
88%
by
87%
knows
87%
said,
87%
St.
87%
what
87%
is
86%
never
86%
this
86%
time
86%
woman
86%
rode
85%
been
84%
been"
84%
loud
83%
out
83%
everything"
82%
everything
82%
his
82%
in
82%
showed
82%
train,
82%
afternoon
81%
marvelous
81%
ruinin'
81%
with
81%
house
80%
House"
80%
House
80%
little
80%
could've
79%
men
78%
"Holiday
77%
Holiday
77%
maddest
77%
me
77%
Island
76%
lime
76%
of
76%
wedding
75%
green
74%
have
74%
money
74%
key
73%
so
73%
dog
72%
gave
72%
"How
72%
say
72%
called
71%
charming,
71%
were
71%
class
70%
did
70%
Louis
70%
middle
70%
name
70%
parties
70%
Their
70%
their
70%
dyed
69%
far
69%
fault
69%
Free
69%
heart
69%
must
69%
set
69%
stole
69%
city
68%
Oil
68%
divorcée
67%
down
67%
loudest
67%
neighbor,
67%
occasion
67%
told
67%
bought
66%
home
66%
feud
65%
gauche
65%
heir
65%
him
65%
new
65%
only
65%
settle
65%
then
65%
all
64%
midnight
64%
forever
63%
from
63%
long
63%
rocks,
63%
sea
63%
tasteful,
63%
ballet
62%
at
61%
beach
61%
champagne
61%
friends
61%
Bill
60%
Standard
60%
years
60%
off
59%
There's
59%
Bitch
58%
boys
58%
50
57%
bad
57%
Dalí
57%
Flew
57%
Pack
57%
that
57%
habits
56%
picked
56%
doctors
55%
most
55%
took
55%
big
54%
madness,
54%
quietly
54%
staring
54%
card
53%
pool
53%
bets
52%
game
52%
sat
52%
mind
51%
names
50%
coast
48%
shameless
47%
blew
46%
Filled
46%
pacing
46%
saltbox
45%
losin'
44%
swam
44%
through
36%
No matching quizzes found
Score Distribution
Percent of People with Each Score
Percentile by Number Answered
Your Score History
You have not taken this quiz